000 00327 a2200145 4500
001 181368
020 _a
040 _cMagnum
100 _aBalachov, N. I.
240 1 0 _aEstruturalismo: russos x franceses
_lpor
245 1 0 _aEstruturalismo: russos x franceses
362 0 _a1899
697 _aMAGNITO: GERAL
942 _cBK
999 _c181368
_d181368